000 00492nam a22001457a 4500
999 _c9760
_d9760
008 180716b ||||| |||| 00| 0 eng d
020 _a971-91142-0-7
082 _21989
_aDFIL 657
_bL88
100 _928949
_aLopez, Rafael M. Jr.
245 _aFundamentals of accounting :
_bsimplified approach & procedures/
_cRafael M. Lopez, Jr.
260 _aDavao City
_bG & G Bislig Printers
_c©1989
300 _axii, 356 pages :
_billustration;
_c24 cm.
650 0 _928950
_aAccounting
942 _2ddc
_cDFIL